Представление документа в формате RUSMARC

ПолеНазваниеЗначение
  Тип записи a
  Библиографический уровень m
001 Контрольный номер UONB/MAIN/94d32b5837c5402b8e86a6b10be01564
005 Дата корректировки 20250520125649.5
010 Индекс ISBN __
d Цена 50 к.
9 Тираж 38000 экз.
100 Данные общей обработки __
a Данные общей обработки 20230112d1950 u y0rusy0189## ca
101 Язык документа 0_
a Язык текста rus
102 Страна публикации __
a Страна публикации RU
105 Кодированные данные (монография) __
a Кодированные данные (монография) y z 000yy
200 Заглавие и сведения об ответственности 1_
a Заглавие Строгое соблюдение Устава сельскохозяйственной артели - основа расцвета колхозного строя
e Сведения, относящиеся к заглавию попул. лекция
f Первые сведения об ответственности Т.И. Соколов
g Последующие сведения об ответственности Всесоюз. о-во по распространению полит. и науч. знаний
210 Выходные данные 1_
a Место издания Москва
c Издательство Правда
d Дата издания 1950
215 Физическое описание __
a Объем 29 с.
d Формат 22 см
225 Серия 1_
a Серия Колхозная серия
606 Тематические рубрики 0_
a Основная рубрика Сельскохозяйственные артели
x Основная подрубрика Уставы
610 Ключевые слова 0_
a Ключевые слова артели сельскохозяйственные; уставы сельскохозяйственных артелей; колхозы; лекции
686 Индексы других классификаций __
a Классификационный индекс 65.321.81
2 Код системы rubbk
700 Автор _1
a Фамилия Соколов
b Имя (инициалы) Т.И.
g Полное личное имя Тихон Иванович
4 Код отношения 070
801 Источник записи _0
a Страна RU
b Организация Ульяновская ОНБ
c Дата составления 20230112
g Правила каталогизации RCR
801 Источник записи _1
a Страна RU
b Организация Ульяновская ОНБ
c Дата составления 20230112
g Правила каталогизации RCR
901 Тип документа __
t Тип документа m
909 Создатель записи __
a Создатель записи Богданова
b Дата создания записи 20230112